000 00441nam a22001811a 4500
001 3733
003 OSt
005 20260204211902.0
008 050206s1998||||dr ||||||b||||||||||spa||
050 _aRD 972.91 B651c
082 _aRD 972.91 B651c
100 _aBosch, Juan
245 _aCuba, la isla fascinante / Juan Bosch
264 _aSanto Domingo : Alfa y Omega
300 _a252 p
650 _a1.Historia - CubaÌ
942 _2ddc
_cBK
999 _c3733
_d3733